000 00525 a2200193 4500
005 20260130163214.0
008 260129b |||||||| |||| 00| 0 eng d
020 _a978936567510
_cRs. 4695.00
040 _aMAIN
082 _a320.5
_bJ119P
100 _aJaiswal, Piyush Kumar
245 _aPolitical theory: An introduction
260 _bScientific Books International
_c2026
_aNew Delhi
300 _a254
650 _aPolitical Science
650 _aPolitical Theory
650 _aPolitical Thoughts
942 _cBK
999 _c395161
_d395161